|
|
|
|
| LEADER |
00000nam0a2200000 4500 |
| 001 |
132890 |
| 005 |
20231101220409.0 |
| 035 |
|
|
|a (RuTPU)RU\TPU\book\143903
|
| 090 |
|
|
|a 132890
|
| 100 |
|
|
|a 20080310g1980 km y0rusy50 ca
|
| 101 |
0 |
|
|a rus
|
| 102 |
|
|
|a RU
|
| 105 |
|
|
|a a z 001zy
|
| 200 |
1 |
|
|a Электрошлаковый переплав тяжелых цветных металлов
|f О. Д. Молдавский
|
| 210 |
|
|
|a Москва
|c Металлургия
|d 1980
|
| 215 |
|
|
|a 200 с.
|c ил.
|
| 320 |
|
|
|9 572
|a Библиогр.: с. 191-199
|
| 606 |
1 |
|
|a Электрошлаковый переплав
|x Тепловые процессы
|2 stltpush
|3 (RuTPU)RU\TPU\subj\21033
|9 46083
|
| 606 |
1 |
|
|a Металлургические процессы (Цветная металлургия)
|x Моделирование
|x Статистические методы изучения
|2 stltpush
|3 (RuTPU)RU\TPU\subj\42937
|9 62544
|
| 610 |
1 |
|
|a тяжелые металлы
|
| 610 |
1 |
|
|a плавление
|
| 610 |
1 |
|
|a кристаллизация
|
| 610 |
1 |
|
|a сплавы
|
| 610 |
1 |
|
|a рефинансирование
|
| 610 |
1 |
|
|a десульфурация
|
| 675 |
|
|
|a 621.187.5
|v 3
|
| 675 |
|
|
|a 669.2.05
|v 3
|
| 700 |
|
1 |
|a Молдавский
|b О. Д.
|g Олег Данилович
|
| 801 |
|
1 |
|a RU
|b 63413507
|c 20080204
|g PSBO
|
| 801 |
|
2 |
|a RU
|b 63413507
|c 20210422
|g PSBO
|
| 942 |
|
|
|c BK
|